| 000 | 01006cam a2200301 i 4500 | ||
|---|---|---|---|
| 001 | 26196 | ||
| 003 | Mx-PuUPA | ||
| 005 | 20250129130101.0 | ||
| 008 | 140415s2002 mx gr lg 000 0 spa d | ||
| 020 | _a9701035771 | ||
| 040 |
_aMx-PuUPA _cMx-PuUPA _bspa _dMx-PuUPA _erda |
||
| 041 | 0 | _aspa | |
| 245 | 1 | 0 |
_aLeyes penales. _b |
| 250 | _aPrimera edición | ||
| 264 | 1 |
_aMéxico, D. F. : _bMcGraw-Hill/Interamericana Editores, _c©2002 |
|
| 300 |
_axxxii, 1144 páginas ; _c23 cm |
||
| 336 |
_2rdacontent _atexto _btxt |
||
| 337 |
_2rdamedia _asin medio _bn |
||
| 338 |
_2rdacarrier _avolumen _bnc |
||
| 490 | 0 | _aSerie Jurídica | |
| 505 | 0 | _a"Leyes federales ; Leyes del Distrito Federal". -- Portada | |
| 650 | 7 |
_2armarc _aDerecho penal _zMéxico |
|
| 650 | 7 |
_2armarc _aDerecho penal _zMéxico (Ciudad de México) _vLegislación |
|
| 942 |
_2ddc _cLI _hxx _ixx _n |
||
| 999 |
_c26196 _d26196 |
||